Представление документа в формате MARC21

Поле Инд. ПП Название Значение
Тип записи a
Библиографический уровень b
001 Контрольный номер RU/IS/BASE/148580087
005 Дата корректировки 20200522190654.5
084 a Индекс другой классификации/Индекс ББК 60.506
100 10 a Автор Артамонов В. Е.
245 00 a Заглавие Моделирование поиска оптимальных значений динамических параметров социального процесса как функции одной переменной
650 a Основная рубрика социология
653 00 a Ключевые слова математическое моделирование
a Ключевые слова методы социологических исследований
a Ключевые слова социальные процессы
a Ключевые слова социодинамика
a Ключевые слова социологические исследования
773 00 t Заглавие источника Вестник Московского университета. Серия 18, Социология и политология
d Дата издания источника 2000
g Прочая информация № 3. - С. 143 - 150
w Контрольный № источника RU/IS/BASE/144174158
901 t Тип документа b